[Event "IRL-ch"]
[Site "Dublin"]
[Date "2020.08.08"]
[Round "8"]
[White "O'Connell, Gerard"]
[Black "Peoples, Jonathon"]
[Result "1-0"]
[WhiteElo "2075"]
[BlackElo "1932"]
[PlyCount "47"]
[EventDate "2020.08.01"]
[EventType "swiss"]
[EventRounds "9"]
[EventCountry "IRL"]
[SourceTitle "CBM 197 Extra"]
[Source "ChessBase"]
[SourceDate "2020.09.30"]
[SourceVersion "1"]
[SourceVersionDate "2020.09.30"]
[SourceQuality "1"]

1. d4 Nf6 2. c4 e6 3. Nc3 Bb4 4. e3 0-0 5. Bd3 d5 6. a3 Bxc3+ 7. bxc3 c5 8. Nf3 Nc6 9. 0-0 b6 10. Qa4 Bd7 11. Qc2 dxc4 12. Bxc4 Na5 13. Bd3 cxd4 14. exd4 Rc8 15. Ne5 Bc6 16. Bg5 h6 17. Bh4 Bd5 18. Ng4 Bc4 19. Bh7+ Kh8 20. Bxf6 gxf6 21. Qd2 Qd5 22. Qxh6 Qg5 23. Qh3 Kg7 24. f4 1-0

[Event "IRL-ch"]
[Site "Dublin"]
[Date "2020.08.06"]
[Round "6"]
[White "Peoples, Jonathon"]
[Black "Wallace, Paul Anthony"]
[Result "1/2-1/2"]
[WhiteElo "1932"]
[BlackElo "2168"]
[PlyCount "39"]
[EventDate "2020.08.01"]
[EventType "swiss"]
[EventRounds "9"]
[EventCountry "IRL"]
[SourceTitle "CBM 197 Extra"]
[Source "ChessBase"]
[SourceDate "2020.09.30"]
[SourceVersion "1"]
[SourceVersionDate "2020.09.30"]
[SourceQuality "1"]

1. d4 Nf6 2. c4 g6 3. Nc3 Bg7 4. e4 d6 5. Nf3 0-0 6. Be2 e5 7. 0-0 Na6 8. Be3 exd4 9. Nxd4 Re8 10. f3 c6 11. Nc2 Nc7 12. Qd2 d5 13. Rad1 Be6 14. cxd5 cxd5 15. e5 Nd7 16. f4 f6 17. Nd4 Bf7 18. exf6 Nxf6 19. f5 Rf8 20. fxg6 1/2-1/2

[Event "IRL-ch"]
[Site "Dublin"]
[Date "2020.08.03"]
[Round "3"]
[White "Peoples, Jonathon"]
[Black "O'Gorman, Alice"]
[Result "1-0"]
[WhiteElo "1932"]
[BlackElo "1904"]
[PlyCount "61"]
[EventDate "2020.08.01"]
[EventType "swiss"]
[EventRounds "9"]
[EventCountry "IRL"]
[SourceTitle "CBM 197 Extra"]
[Source "ChessBase"]
[SourceDate "2020.09.30"]
[SourceVersion "1"]
[SourceVersionDate "2020.09.30"]
[SourceQuality "1"]

1. d4 d5 2. c4 e6 3. Nc3 c6 4. e4 dxe4 5. Nxe4 Bb4+ 6. Nc3 c5 7. Be3 Nf6 8. Nf3 Nc6 9. Be2 Ne4 10. Rc1 0-0 11. 0-0 Nxc3 12. bxc3 Ba5 13. d5 Ne7 14. Bxc5 Re8 15. Bxe7 Qxe7 16. d6 Qd8 17. c5 Bd7 18. Qb3 Bc6 19. Ne5 Bxg2 20. Kxg2 Qg5+ 21. Ng4 h5 22. Qxb7 hxg4 23. Qb5 Qe5 24. Qxa5 Qxe2 25. Kg1 Qf3 26. d7 Red8 27. Qc7 f5 28. c6 f4 29. Qd6 g3 30. Qxe6+ Kh7 31. fxg3 1-0

[Event "Dublin Gonzaga Masters"]
[Site "Dublin"]
[Date "2020.01.26"]
[Round "5"]
[White "Peoples, Jonathon"]
[Black "Delaney, Killian"]
[Result "1/2-1/2"]
[WhiteElo "1909"]
[BlackElo "2278"]
[PlyCount "108"]
[EventDate "2020.01.24"]
[EventType "swiss"]
[EventRounds "5"]
[EventCountry "IRL"]
[SourceTitle "CBM 194"]
[Source "ChessBase"]
[SourceDate "2020.01.27"]
[SourceVersion "1"]
[SourceVersionDate "2020.01.27"]
[SourceQuality "1"]

1. d4 d5 2. c4 e6 3. Nc3 c5 4. cxd5 cxd4 5. Qxd4 Nc6 6. Qd1 exd5 7. Qxd5 Qc7 8. Bg5 h6 9. Bh4 Bb4 10. e3 Be6 11. Qd2 Nge7 12. Bb5 Nf5 13. Bg3 Nxg3 14. hxg3 Rd8 15. Qc2 a6 16. Be2 0-0 17. Nf3 Na5 18. 0-0 Rc8 19. Rfc1 Bxc3 20. bxc3 Rfd8 21. Nd4 Qe5 22. Nxe6 Qxe6 23. Rd1 Rxd1+ 24. Rxd1 b5 25. Rd4 Nc6 26. Bg4 Nxd4 27. Bxe6 Nxc2 28. Bxc8 a5 29. Bf5 Na3 30. Bd3 Kf8 31. Kf1 Ke7 32. Ke2 Kd6 33. Kd2 Kc5 34. Kc1 b4 35. Kb2 a4 36. f3 Nc4+ 37. Bxc4 Kxc4 38. cxb4 Kxb4 39. a3+ Kc4 40. Kc2 f5 41. e4 fxe4 42. fxe4 Kd4 43. e5 Kxe5 44. Kc3 Kf5 45. Kb4 Kg4 46. Kxa4 Kxg3 47. Kb3 Kxg2 48. a4 h5 49. a5 h4 50. a6 h3 51. a7 h2 52. a8Q+ Kg1 53. Qa1+ Kg2 54. Qxg7+ Kh1 1/2-1/2

[Event "Dublin St Andrews op-A"]
[Site "Dublin"]
[Date "2019.09.22"]
[Round "5"]
[White "Peoples, Jonathon"]
[Black "Venkatesan, Kavin"]
[Result "1/2-1/2"]
[WhiteElo "1931"]
[BlackElo "1803"]
[PlyCount "44"]
[EventDate "2019.09.20"]
[EventType "swiss"]
[EventRounds "5"]
[EventCountry "IRL"]
[SourceTitle "EXT 2020"]
[Source "ChessBase"]
[SourceDate "2019.10.17"]
[SourceVersion "1"]
[SourceVersionDate "2019.10.17"]
[SourceQuality "1"]

1. d4 Nf6 2. c4 e6 3. Nf3 Bb4+ 4. Nbd2 d5 5. a3 Be7 6. e3 0-0 7. Bd3 b6 8. 0-0 c5 9. Qc2 Nbd7 10. Rd1 Bb7 11. dxc5 Nxc5 12. b4 Nxd3 13. Qxd3 dxc4 14. Nxc4 Qxd3 15. Rxd3 Ba6 16. Rd4 Bxc4 17. Rxc4 Rac8 18. Rxc8 Rxc8 19. Bd2 Ne4 20. Rc1 Rxc1+ 21. Bxc1 Nc3 22. Bb2 Nd5 1/2-1/2

[Event "Dublin St Andrews op-A"]
[Site "Dublin"]
[Date "2019.09.21"]
[Round "3"]
[White "Peoples, Jonathon"]
[Black "Scallan, Fiachra"]
[Result "1/2-1/2"]
[WhiteElo "1931"]
[BlackElo "1818"]
[PlyCount "47"]
[EventDate "2019.09.20"]
[EventType "swiss"]
[EventRounds "5"]
[EventCountry "IRL"]
[SourceTitle "EXT 2020"]
[Source "ChessBase"]
[SourceDate "2019.10.17"]
[SourceVersion "1"]
[SourceVersionDate "2019.10.17"]
[SourceQuality "1"]

1. d4 d5 2. c4 e6 3. Nc3 Nf6 4. cxd5 Nxd5 5. e4 Nxc3 6. bxc3 c5 7. Nf3 cxd4 8. cxd4 Bb4+ 9. Bd2 Bxd2+ 10. Qxd2 0-0 11. Be2 Nd7 12. 0-0 Nf6 13. Bd3 b6 14. a4 Bb7 15. Rfe1 Qd7 16. a5 bxa5 17. Qxa5 Rfc8 18. Rab1 Qc7 19. Qa3 Qc3 20. Rb3 Qc7 21. Rbb1 Bc6 22. Ne5 Nd7 23. Nxc6 Qxc6 24. Rec1 1/2-1/2

[Event "Dublin Masters"]
[Site "Dublin"]
[Date "2019.09.08"]
[Round "5"]
[White "Peoples, Jonathon"]
[Black "Brady, Stephen"]
[Result "0-1"]
[WhiteElo "1931"]
[BlackElo "2304"]
[PlyCount "48"]
[EventDate "2019.09.06"]
[EventType "swiss"]
[EventRounds "5"]
[EventCountry "IRL"]
[SourceTitle "EXT 2020"]
[Source "ChessBase"]
[SourceDate "2019.10.17"]
[SourceVersion "1"]
[SourceVersionDate "2019.10.17"]
[SourceQuality "1"]

1. e4 d6 2. d4 Nf6 3. Nc3 g6 4. Be3 c6 5. a4 Bg7 6. h3 0-0 7. g4 e5 8. Nge2 d5 9. dxe5 Nxe4 10. Nxe4 dxe4 11. Bd4 Qc7 12. Bc5 Rd8 13. Bd6 Qb6 14. Qc1 Rxd6 15. a5 Qb5 16. exd6 Bxb2 17. Rb1 Bxc1 18. Rxb5 cxb5 19. Nxc1 a6 20. Nb3 Be6 21. Nc5 Nd7 22. Nxe4 Bd5 23. Bg2 Bxe4 24. Bxe4 Re8 0-1

[Event "IRL-chT"]
[Site "Dublin"]
[Date "2019.04.07"]
[Round "5.4"]
[White "Brady, Stephen"]
[Black "Peoples, Jonathon"]
[Result "1-0"]
[WhiteElo "2301"]
[BlackElo "1917"]
[PlyCount "39"]
[EventDate "2019.04.05"]
[EventType "team-swiss"]
[EventRounds "5"]
[EventCountry "IRL"]
[SourceTitle "CBM 189 Extra"]
[Source "ChessBase"]
[SourceDate "2019.06.03"]
[SourceVersion "1"]
[SourceVersionDate "2019.06.03"]
[SourceQuality "1"]
[WhiteTeam "Benildus"]
[BlackTeam "UCD"]
[WhiteTeamCountry "IRL"]
[BlackTeamCountry "IRL"]

1. e4 e6 2. d4 d5 3. Nd2 Nf6 4. e5 Nfd7 5. c3 c5 6. Bd3 Nc6 7. Ndf3 cxd4 8. cxd4 f6 9. exf6 Nxf6 10. Nh3 Bd6 11. 0-0 0-0 12. Re1 Qc7 13. Nhg5 e5 14. dxe5 Nxe5 15. Nxe5 Bxe5 16. Bxh7+ Kh8 17. Bg6 Bxh2+ 18. Kf1 Ng4 19. Nf7+ Rxf7 20. Re8+ 1-0

[Event "Dublin Super Cup U19"]
[Site "Dublin"]
[Date "2018.10.21"]
[Round "4.3"]
[White "Peoples, Jonathon"]
[Black "O'Donnell, Conor"]
[Result "1/2-1/2"]
[WhiteElo "1856"]
[BlackElo "2360"]
[PlyCount "71"]
[EventDate "2018.10.20"]
[EventType "tourn"]
[EventRounds "7"]
[EventCountry "IRL"]
[SourceTitle "EXT 2023"]
[Source "ChessBase"]
[SourceDate "2022.10.05"]
[SourceVersion "1"]
[SourceVersionDate "2022.10.05"]
[SourceQuality "1"]

1. e4 c6 2. d4 d5 3. e5 Bf5 4. Nd2 e6 5. Nb3 c5 6. dxc5 Bxc5 7. Nxc5 Qa5+ 8. c3 Qxc5 9. Be3 Qc7 10. f4 Ne7 11. Nf3 Nbc6 12. Be2 0-0 13. 0-0 Rab8 14. a4 a6 15. Nd4 Be4 16. Nxc6 Qxc6 17. a5 d4 18. Qxd4 Bxg2 19. Rf2 Bd5 20. Qb6 Qd7 21. Rd1 Qa4 22. Bc5 Qe4 23. Bf3 Qg6+ 24. Bg2 Rfe8 25. Kh1 Qh5 26. Rdd2 Bxg2+ 27. Rxg2 Nd5 28. Rxd5 exd5 29. Qf6 g6 30. f5 Qd1+ 31. Rg1 Qf3+ 32. Rg2 Qf1+ 33. Rg1 Qf3+ 34. Rg2 Qd1+ 35. Bg1 Qf1 36. Rf2 1/2-1/2

[Event "Dublin Super Cup U19"]
[Site "Dublin"]
[Date "2018.10.20"]
[Round "2.4"]
[White "Peoples, Jonathon"]
[Black "Scott, Luke"]
[Result "1/2-1/2"]
[WhiteElo "1856"]
[BlackElo "1879"]
[PlyCount "20"]
[EventDate "2018.10.20"]
[EventType "tourn"]
[EventRounds "7"]
[EventCountry "IRL"]
[SourceTitle "EXT 2023"]
[Source "ChessBase"]
[SourceDate "2022.10.05"]
[SourceVersion "1"]
[SourceVersionDate "2022.10.05"]
[SourceQuality "1"]

1. e4 e6 2. d4 d5 3. exd5 exd5 4. Nf3 Nf6 5. Bd3 Bd6 6. c3 c6 7. 0-0 0-0 8. Bg5 Bg4 9. Nbd2 h6 10. Bh4 Nbd7 1/2-1/2

[Event "EU-Cup 34th"]
[Site "Porto Carras"]
[Date "2018.10.15"]
[Round "4.3"]
[White "Peoples, Jonathon"]
[Black "Andersen, Soren Mikkel"]
[Result "1-0"]
[WhiteElo "1856"]
[BlackElo "2159"]
[PlyCount "79"]
[EventDate "2018.10.12"]
[EventType "team-swiss"]
[EventRounds "7"]
[EventCountry "GRE"]
[SourceTitle "CBM 187"]
[Source "ChessBase"]
[SourceDate "2018.12.11"]
[SourceVersion "1"]
[SourceVersionDate "2018.12.11"]
[SourceQuality "1"]
[WhiteTeam "Ballinasloe"]
[BlackTeam "Bronshoj"]
[WhiteTeamCountry "IRL"]
[BlackTeamCountry "DEN"]

1. d4 d5 2. c4 c6 3. Nf3 Nf6 4. Nc3 e6 5. Bg5 dxc4 6. e4 b5 7. e5 h6 8. Bh4 g5 9. Nxg5 hxg5 10. Bxg5 Nbd7 11. g3 Bb7 12. Bg2 Qb6 13. exf6 c5 14. d5 0-0-0 15. 0-0 b4 16. Na4 Qb5 17. a3 exd5 18. axb4 cxb4 19. Be3 Nc5 20. Nxc5 Bxc5 21. Qg4+ Kc7 22. Bxc5 Qxc5 23. Qg7 Rdf8 24. Rfe1 c3 25. bxc3 bxc3 26. Re7+ Kc6 27. Qg4 Qb5 28. Qd7+ Kc5 29. Qxb5+ Kxb5 30. Rxb7+ Kc4 31. Bf1+ Kd4 32. Rc1 a5 33. Rb5 Ra8 34. Rd1+ Ke5 35. Rbxd5+ Ke6 36. R5d3 c2 37. Rc1 Rhc8 38. Bh3+ Ke5 39. Bxc8 Rxc8 40. Rd2 1-0

[Event "IRL-ch Weekender op"]
[Site "Dublin"]
[Date "2018.08.12"]
[Round "5.14"]
[White "Dimitrov, Nikolai"]
[Black "Peoples, Jonathon"]
[Result "0-1"]
[WhiteElo "1322"]
[BlackElo "1776"]
[PlyCount "40"]
[EventDate "2018.08.10"]
[EventType "swiss"]
[EventRounds "5"]
[EventCountry "IRL"]
[SourceTitle "EXT 2023"]
[Source "ChessBase"]
[SourceDate "2022.10.05"]
[SourceVersion "1"]
[SourceVersionDate "2022.10.05"]
[SourceQuality "1"]

1. e4 c5 2. Bc4 Nc6 3. a3 g6 4. Nf3 Bg7 5. Ng5 e6 6. h4 Nf6 7. c3 h6 8. Nf3 Nxe4 9. Qe2 d5 10. Ba2 Qc7 11. d3 Nf6 12. g3 0-0 13. Bf4 e5 14. Bd2 Bg4 15. 0-0 e4 16. Bf4 Qc8 17. dxe4 dxe4 18. Qc4 Bxf3 19. Qxc5 Qh3 20. Bxf7+ Rxf7 0-1

[Event "Reykjavik op"]
[Site "Reykjavik"]
[Date "2018.03.12"]
[Round "7"]
[White "Kumar, Naman"]
[Black "Peoples, Jonathon"]
[Result "1-0"]
[WhiteElo "2045"]
[BlackElo "1763"]
[PlyCount "63"]
[EventDate "2018.03.06"]
[EventType "swiss"]
[EventRounds "9"]
[EventCountry "ISL"]
[SourceTitle "CBM 183 Extra"]
[Source "ChessBase"]
[SourceDate "2018.04.19"]
[SourceVersion "1"]
[SourceVersionDate "2018.04.19"]
[SourceQuality "1"]

1. e4 e5 2. Nf3 Nc6 3. Bc4 Bc5 4. c3 Nf6 5. d3 a6 6. Bb3 d6 7. Nbd2 0-0 8. 0-0 Ba7 9. Re1 Be6 10. h3 h6 11. Nf1 Re8 12. Ng3 d5 13. Qe2 d4 14. Nh4 Qd7 15. Qf3 dxc3 16. bxc3 Bxb3 17. axb3 Rad8 18. Rd1 Re6 19. Ngf5 Kh7 20. Ra4 g5 21. Nxh6 gxh4 22. Qf5+ Kh8 23. Bg5 Qe7 24. Ng4 Rg8 25. Bxf6+ Rxf6 26. Nxf6 Rg6 27. Nd5 Qf8 28. Qh5+ Rh6 29. Qf3 Qg7 30. Ne3 Ne7 31. Nf5 Nxf5 32. exf5 1-0

[Event "Glorney Cup"]
[Site "Cardiff"]
[Date "2017.07.24"]
[Round "1.4"]
[White "Melaugh, Shanemelaugh"]
[Black "Peoples, Jonathon"]
[Result "1-0"]
[WhiteElo "1928"]
[BlackElo "1791"]
[PlyCount "60"]
[EventDate "2017.07.24"]
[EventType "team-tourn"]
[EventRounds "5"]
[EventCountry "WLS"]
[SourceTitle "CBM 179 Extra"]
[Source "ChessBase"]
[SourceDate "2017.08.23"]
[SourceVersion "1"]
[SourceVersionDate "2017.08.23"]
[SourceQuality "1"]
[WhiteTeam "Ireland"]
[BlackTeam "Ireland II"]
[WhiteTeamCountry "IRL"]
[BlackTeamCountry "IRL"]

1. c4 Nf6 2. Nc3 d5 3. cxd5 Nxd5 4. e4 Nxc3 5. bxc3 g6 6. Nf3 Bg7 7. Bc4 0-0 8. 0-0 c5 9. a4 Nc6 10. Ba3 Na5 11. Bd5 c4 12. Qe2 Qc7 13. Bb4 Nb3 14. Ra2 Be6 15. Bxe6 fxe6 16. Ng5 Qc6 17. Bxe7 Rfe8 18. Ba3 Qxa4 19. Qf3 Qd7 20. Rd1 h6 21. Nh3 Rad8 22. Nf4 g5 23. Nh5 Qd3 24. Nf6+ Bxf6 25. Qxf6 Qxe4 26. Qxh6 Rd7 27. Qh5 Rf7 28. Bd6 Qd5 29. Qg6+ Rg7 30. Qxe8+ Kh7 1-0